[Event "IECG C1.2000.0.00272"]
[Site "IECG email"]
[Date "2000.04.04"]
[Round "?"]
[White "Vujadinovic, Milan"]
[Black "Marques, Fernando"]
[Result "1-0"]
[WhiteElo "2130"]
[BlackElo "1800"]
[PlyCount "23"]
[EventDate "2000.04.04"]
[EventType "tourn (corr)"]
[EventRounds "6"]
[SourceTitle "Corr 2008"]
[Source "ChessBase"]
[SourceDate "2008.06.24"]
[SourceVersion "1"]
[SourceVersionDate "2008.06.24"]
[SourceQuality "1"]

1. e4 c5 2. c3 d6 3. d4 cxd4 4. cxd4 Nf6 5. Nc3 a6 6. Nf3 Nc6 7. d5 Ne5 8. Nd4 e6 9. dxe6 fxe6 10. Qa4+ Bd7 11. Qb3 Qc8 12. Be2 1-0